Word Ladder: The Many Names of Snoop Quiz Stats

 Plays Quiz Updated Aug 4, 2017

Support Sporcle.
Go Orange.
Score 0/15 Timer 02:00
1 Play Today
Hint 4-Letter Word % Correct
Rapper Snoop Doggy ___* DOGG *
97.6%
Rapper Snoop ___* DOGG *
97.6%
___ Kong, ChinaHONG
89.5%
Earth orbiterMOON
88.1%
Work with clayMOLD
84.1%
State of mindMOOD
81.5%
Boss on 'The Dukes of Hazzard'HOGG
81%
Drawn-outLONG
78.9%
Hint 4-Letter Word % Correct
Garden pestMOLE
77.2%
Venetian magistrateDOGE
76%
Give outDOLE
74.1%
A silly or foolish personLOON
70.6%
TV journalist Lisa ___LING
60.7%
Reggae Rapper Snoop ___* LION *
57.7%
Actor Mark-___ BakerLINN
48.3%

Today's Daily Dose

You're not logged in!

Compare scores with friends on all Sporcle quizzes.
OR
Log In
Forgot?

From the Vault

Gimme an 'F'

by citkeane

F is for friends who do stuff together...
Remove Ads.
Support Sporcle.
Get the best of Sporcle when you Go Orange. This ad-free experience offers more features, more stats, and more fun while also helping to support Sporcle. Thank you for becoming a member.

Show Comments

Extras

Top Quizzes Today


Score Distribution

Your Account Isn't Verified!

In order to create a playlist on Sporcle, you need to verify the email address you used during registration. Go to your Sporcle Settings to finish the process.

Report this User

Report this user for behavior that violates our Community Guidelines.

Details: